Contraventions: editorials from new left review (Record no. 1308244)
[ view plain ]
| 000 -LEADER | |
|---|---|
| fixed length control field | 01283nam a2200217 4500 |
| 005 - DATE AND TIME OF LATEST TRANSACTION | |
| control field | 20250327154334.0 |
| 008 - FIXED-LENGTH DATA ELEMENTS--GENERAL INFORMATION | |
| fixed length control field | 250327b |||||||| |||| 00| 0 eng d |
| 020 ## - INTERNATIONAL STANDARD BOOK NUMBER | |
| International Standard Book Number | 9781839761423 |
| 037 ## - SOURCE OF ACQUISITION | |
| Terms of availability | Textual |
| 040 ## - CATALOGING SOURCE | |
| Original cataloging agency | RTL |
| Transcribing agency | RTL |
| 084 ## - COLON CLASSIFICATION NUMBER | |
| Classification number | W696 R3 |
| Assigning agency | RTL |
| 245 ## - TITLE STATEMENT | |
| Title | Contraventions: editorials from new left review |
| 260 ## - PUBLICATION, DISTRIBUTION, ETC. | |
| Place of publication, distribution, etc. | London |
| Name of publisher, distributor, etc. | Verso |
| Date of publication, distribution, etc. | 2023 |
| 300 ## - PHYSICAL DESCRIPTION | |
| Extent | xix, 396p. |
| Other physical details | Includes index and notes |
| 520 ## - SUMMARY, ETC. | |
| Summary, etc. | This volume brings together a selection of New Left Review's writings, covering capitalist boom and bust, American hegemony, revolts from below, the rise of China, and Russia's invasion of Ukraine. Bookended by surveys of the broader political-intellectual conjuncture in which the journal is publishing, they examine both the ideologies and on-the-ground operations of liberal-imperial rule, as well as tracking counter-movements from the street to the ballot box. Included are political interventions from Perry Anderson, Tariq Ali, Mike Davis, Susan Watkins, Alexander Cockburn, Peter Gowan, Tony Wood, JoAnn Wypijewski, Tom Hazeldine and Dylan Riley |
| 650 ## - SUBJECT ADDED ENTRY--TOPICAL TERM | |
| Topical term or geographic name entry element | Editorials |
| 9 (RLIN) | 751548 |
| 650 ## - SUBJECT ADDED ENTRY--TOPICAL TERM | |
| Topical term or geographic name entry element | Right and left (Political science) |
| 9 (RLIN) | 751549 |
| 650 ## - SUBJECT ADDED ENTRY--TOPICAL TERM | |
| Topical term or geographic name entry element | Socialism |
| 700 ## - ADDED ENTRY--PERSONAL NAME | |
| Personal name | Watkins, Susan |
| Relator term | Editor |
| 9 (RLIN) | 751550 |
| 942 ## - ADDED ENTRY ELEMENTS (KOHA) | |
| Source of classification or shelving scheme | Colon Classification (CC) |
| Suppress in OPAC | No |
| Koha item type | Textbook |
| Classification part | W696 R3 |
| Withdrawn status | Lost status | Source of classification or shelving scheme | Damaged status | Not for loan | Home library | Current library | Date acquired | Total Checkouts | Full call number | Barcode | Date last seen | Date last checked out | Price effective from | Koha item type |
|---|---|---|---|---|---|---|---|---|---|---|---|---|---|---|
| Colon Classification (CC) | Ratan Tata Library | Ratan Tata Library | 2025-03-27 | 1 | W696 R3 | RT1528451 | 2026-01-27 | 2026-01-13 | 2025-03-27 | Textbook |
